Mots de la langue française terminés par "ampe" - Statistiques

Statistiques générales
  • Ce quiz a été pris 195 fois
  • Le résultat moyen est 5 sur 10
Statistiques - réponses
Indice Mot % Correct
luminaire lampe
99%
cheval marin hippocampe
91%
douleur crampe
89%
côte rampe
69%
manche hampe
50%
image estampe
42%
pince clampe
25%
feuille de l'orge, du blé pampe
16%
matrice étampe
8%
avion stampe
4%
Aucun quiz correspondant
Distribution des résultats
% des personnes avec chaque résultat
Percentile par nombre de réponses
Votre historique - résultats
Vous n’avez pas pris ce quiz